TB. OF ANATOMY : UPPER LIMB AND THORAX -VOL-1 (Record no. 13974)

MARC details
000 -LEADER
fixed length control field 00355nam a22001577a 4500
003 - CONTROL NUMBER IDENTIFIER
control field SGT
020 ## - INTERNATIONAL STANDARD BOOK NUMBER
International Standard Book Number 978-81-312-3729-8
082 ## - DEWEY DECIMAL CLASSIFICATION NUMBER
Classification number 611
Item number A16S
100 ## - MAIN ENTRY--PERSONAL NAME
Personal name SINGH, VISHRAM
245 ## - TITLE STATEMENT
Title TB. OF ANATOMY : UPPER LIMB AND THORAX -VOL-1
250 ## - EDITION STATEMENT
Edition statement 2ND
260 ## - PUBLICATION, DISTRIBUTION, ETC. (IMPRINT)
Place of publication, distribution, etc INDIA
Name of publisher, distributor, etc ELSEVIER
Year of Publication 2016
300 ## - PAGE DESCRIPTION
No. of Pages 330
650 ## - SUBJECT ADDED ENTRY--TOPICAL TERM
Topical term or geographic name as entry element ANATOMY
942 ## - ADDED ENTRY ELEMENTS (KOHA)
Source of classification or shelving scheme Dewey Decimal Classification
Koha item type Books
942 ## - ADDED ENTRY ELEMENTS (KOHA)
-- 92
Holdings
Withdrawn status Lost status Source of classification or shelving scheme Damaged status Not for loan Collection code Home library Current library Shelving location Date acquired Vendor Name Cost, normal purchase price Volume Information (Serial or Books or Non-Book Material) SGTU Bill Number Total Checkouts Full call number Accession No. (Barcode) Date last seen Date last borrowed Bill Date Koha item type Total Renewals
    Dewey Decimal Classification     MEDICAL SGT Medical Library SGT Medical Library Text Book 18/12/2017 ABC DELHI 695.00 VOL-1 SGTU 8923 17 611 A16S FM10016 19/12/2025 05/12/2025   Books  
    Dewey Decimal Classification     MEDICAL SGT Medical Library SGT Medical Library Text Book 18/12/2017 ABC DELHI 695.00 VOL-1 SGTU 8923 10 611 A16S FM10017 19/11/2022 18/11/2022   Books  
    Dewey Decimal Classification     MEDICAL SGT Medical Library SGT Medical Library Text Book 18/12/2017 ABC DELHI 695.00 VOL-1 SGTU 8923 15 611 A16S FM10018 24/12/2024 24/12/2024   Books  
    Dewey Decimal Classification     MEDICAL SGT Medical Library SGT Medical Library Text Book 18/12/2017 ABC DELHI 695.00 VOL-1 SGTU 8923 28 611 A16S FM10019 24/09/2025 24/09/2025   Books 3
    Dewey Decimal Classification     MEDICAL SGT Medical Library SGT Medical Library Text Book 18/12/2017 ABC DELHI 695.00 VOL-1 SGTU 8923 13 611 A16S FM10020 03/01/2024 18/12/2023   Books  
    Dewey Decimal Classification     MEDICAL SGT Medical Library SGT Medical Library Text Book 18/12/2017 ABC DELHI 695.00 VOL-1 SGTU 8923 16 611 A16S FM10021 30/06/2025 30/06/2025   Books  
    Dewey Decimal Classification     MEDICAL SGT Medical Library SGT Medical Library Text Book 18/12/2017 ABC DELHI 695.00 VOL-1 SGTU 8923 26 611 A16S FM10022 16/07/2025 14/07/2025   Books  
    Dewey Decimal Classification     MEDICAL SGT Medical Library SGT Medical Library Text Book 18/12/2017 ABC DELHI 695.00 VOL-1 SGTU 8923 19 611 A16S FM10023 12/06/2024 11/06/2024   Books  
    Dewey Decimal Classification     MEDICAL SGT Medical Library SGT Medical Library Text Book 18/12/2017 ABC DELHI 695.00 VOL-1 SGTU 8923 16 611 A16S FM10024 19/05/2026 30/04/2026   Books  
    Dewey Decimal Classification     MEDICAL SGT Medical Library SGT Medical Library Text Book 18/12/2017 ABC DELHI 695.00 VOL-1 SGTU 8923 13 611 A16S FM10025 24/01/2025 11/01/2025   Books